<?xml version="1.0" encoding="UTF-8"?>
<record
    xmlns:xsi="http://www.w3.org/2001/XMLSchema-instance"
    xsi:schemaLocation="http://www.loc.gov/MARC21/slim http://www.loc.gov/standards/marcxml/schema/MARC21slim.xsd"
    xmlns="http://www.loc.gov/MARC21/slim">

  <leader>02174nas a2200313 i 4500</leader>
  <controlfield tag="003">DO-SdUA</controlfield>
  <controlfield tag="005">20260506143551.0</controlfield>
  <controlfield tag="007">ta</controlfield>
  <controlfield tag="008">260506e2016    dr a  p|r|   ||00 | spa d</controlfield>
  <datafield tag="040" ind1=" " ind2=" ">
    <subfield code="a">DO-SdUA</subfield>
    <subfield code="b">spa</subfield>
    <subfield code="c">DO-SdUA</subfield>
    <subfield code="d">DO-SdBNP</subfield>
    <subfield code="e">rda</subfield>
  </datafield>
  <datafield tag="041" ind1="0" ind2=" ">
    <subfield code="a">spa</subfield>
  </datafield>
  <datafield tag="110" ind1="1" ind2=" ">
    <subfield code="a">Rep&#xFA;blica Dominicana.</subfield>
    <subfield code="b">Ministerio de Educaci&#xF3;n.</subfield>
    <subfield code="b">Instituto Nacional de Formaci&#xF3;n y Capacitaci&#xF3;n del Magisterio.</subfield>
    <subfield code="9">89480</subfield>
  </datafield>
  <datafield tag="245" ind1="1" ind2="0">
    <subfield code="a">Centro de Documentaci&#xF3;n Educativa :</subfield>
    <subfield code="b">gu&#xED;a de servicios y reglamento /</subfield>
    <subfield code="c">Ministerio de Educaci&#xF3;n, Instituto Nacional de Formaci&#xF3;n y Capacitaci&#xF3;n del Magisterio.</subfield>
  </datafield>
  <datafield tag="264" ind1=" " ind2=" ">
    <subfield code="a">Santo Domingo, Rep&#xFA;blica Dominicana :</subfield>
    <subfield code="b">Instituto Nacional de Formaci&#xF3;n y Capacitaci&#xF3;n del Magisterio (INAFOCAM),</subfield>
    <subfield code="c">2016.</subfield>
  </datafield>
  <datafield tag="300" ind1=" " ind2=" ">
    <subfield code="a">volumen :</subfield>
    <subfield code="b">ilustraciones ; </subfield>
    <subfield code="c">20 x 24 cm.</subfield>
  </datafield>
  <datafield tag="310" ind1=" " ind2=" ">
    <subfield code="a">Anual.</subfield>
  </datafield>
  <datafield tag="336" ind1=" " ind2=" ">
    <subfield code="a">texto</subfield>
    <subfield code="b">txt </subfield>
    <subfield code="2">rdacontent </subfield>
  </datafield>
  <datafield tag="337" ind1=" " ind2=" ">
    <subfield code="a">sin mediaci&#xF3;n </subfield>
    <subfield code="b">n </subfield>
    <subfield code="2">rdamedia</subfield>
  </datafield>
  <datafield tag="338" ind1=" " ind2=" ">
    <subfield code="a">volumen </subfield>
    <subfield code="b">nc</subfield>
    <subfield code="2">rdacarrier</subfield>
  </datafield>
  <datafield tag="362" ind1=" " ind2=" ">
    <subfield code="a">A&#xF1;o 2016.</subfield>
  </datafield>
  <datafield tag="500" ind1=" " ind2=" ">
    <subfield code="a">Catalogaci&#xF3;n basada en el: A&#xF1;o 2016.</subfield>
  </datafield>
  <datafield tag="520" ind1=" " ind2=" ">
    <subfield code="a">El Centro de Documentaci&#xF3;n Educativa del Instituto Nacional de Formaci&#xF3;n y Capacitaci&#xF3;n del Magisterio, es una unidad de informaci&#xF3;n comprometida con el acceso y la difusi&#xF3;n de recursos de informaci&#xF3;n actualizada y relevante que sirven de soporte a los programas de formaci&#xF3;n integral del personal docente de la Rep&#xFA;blica Dominicana. Es, adem&#xE1;s, una instancia innovadora en la oferta de recursos y servicios de informaci&#xF3;n especializados en el &#xE1;rea de educaci&#xF3;n y que contribuye a la concertaci&#xF3;n de voluntades a favor de la creaci&#xF3;n de mayores v&#xED;nculos de cooperaci&#xF3;n e intercambio interinstitucional.</subfield>
  </datafield>
  <datafield tag="650" ind1=" " ind2="7">
    <subfield code="a">Servicios de informaci&#xF3;n</subfield>
    <subfield code="9">89481</subfield>
    <subfield code="v">Gu&#xED;as</subfield>
    <subfield code="v">Publicaciones peri&#xF3;dicas </subfield>
    <subfield code="z">Rep&#xFA;blica Dominicana</subfield>
  </datafield>
  <datafield tag="650" ind1=" " ind2="7">
    <subfield code="a">Servicios de informaci&#xF3;n en educaci&#xF3;n</subfield>
    <subfield code="v">Gu&#xED;as</subfield>
    <subfield code="v">Publicaciones peri&#xF3;dicas</subfield>
    <subfield code="9">89482</subfield>
    <subfield code="z">Rep&#xFA;blica Dominicana</subfield>
  </datafield>
  <datafield tag="650" ind1=" " ind2="7">
    <subfield code="a">Servicios de consulta (Bibliotecas)</subfield>
    <subfield code="v">Gu&#xED;as</subfield>
    <subfield code="9">89483</subfield>
    <subfield code="z">Rep&#xFA;blica Dominicana</subfield>
  </datafield>
  <datafield tag="650" ind1=" " ind2="7">
    <subfield code="a">Centros de documentaci&#xF3;n en educaci&#xF3;n</subfield>
    <subfield code="x">Organizaci&#xF3;n</subfield>
    <subfield code="z">Rep&#xFA;blica Dominicana</subfield>
    <subfield code="9">89484</subfield>
  </datafield>
  <datafield tag="650" ind1=" " ind2="7">
    <subfield code="a">Centros de documentaci&#xF3;n en educaci&#xF3;n</subfield>
    <subfield code="v">Reglamentos</subfield>
    <subfield code="z">Rep&#xFA;blica Dominicana</subfield>
    <subfield code="9">89485</subfield>
  </datafield>
  <datafield tag="942" ind1=" " ind2=" ">
    <subfield code="2">ddc</subfield>
    <subfield code="c">ISSUE</subfield>
  </datafield>
  <datafield tag="952" ind1=" " ind2=" ">
    <subfield code="0">0</subfield>
    <subfield code="1">0</subfield>
    <subfield code="2">ddc</subfield>
    <subfield code="4">0</subfield>
    <subfield code="5">6</subfield>
    <subfield code="7">0</subfield>
    <subfield code="8">SE</subfield>
    <subfield code="a">BNPHU</subfield>
    <subfield code="b">BNPHU</subfield>
    <subfield code="d">2026-05-06</subfield>
    <subfield code="h">A&#xF1;o 2016</subfield>
    <subfield code="l">0</subfield>
    <subfield code="p">2026-3598</subfield>
    <subfield code="r">2026-05-06</subfield>
    <subfield code="t">e.1</subfield>
    <subfield code="w">2026-05-06</subfield>
    <subfield code="y">ISSUE</subfield>
    <subfield code="z">Disponible para consulta en: Hemeroteca.</subfield>
  </datafield>
  <datafield tag="999" ind1=" " ind2=" ">
    <subfield code="c">60678</subfield>
    <subfield code="d">60678</subfield>
  </datafield>
</record>
